| 000 | 004950000a22001930004500 | ||
|---|---|---|---|
| 001 | 001029 | ||
| 003 | MACL | ||
| 005 | 20150804145310.0 | ||
| 008 | 150804b xxu||||| |||| 00| 0 eng d | ||
| 040 |
_aMACL _cMACL |
||
| 041 | _aEnglish | ||
| 082 | _a370/BIS | ||
| 100 |
_aBiswas, Nikunja Behari _94614 |
||
| 245 |
_aEducation in North-East India _cNikunja Behari Biswas |
||
| 260 |
_aNew Delhi _c1999 _bShipra Publications, |
||
| 350 | _a380 | ||
| 650 |
_aEducation _94615 |
||
| 942 |
_k370 _cBK _2ddc |
||
| 999 |
_c1025 _d1025 |
||